Potenciální distribuční efekty reformy Společné zemědělské politiky a vyvolaná strukturální změna

Analýza dôsledkov efektívneho zastropovania priamych platieb, a to z pohľadu ich spravodlivého rozdelenia a vyvolané štrukturálne zmeny. Aplikácia modelu všeobecnej rovnováhy, ktorý umožňuje posúdiť dopady v kontexte celej ekonomiky.

Gespeichert in:
Bibliographische Detailangaben
1. Verfasser: Křístková, Zuzana
Weitere Verfasser: Ratinger, Tomáš
Format: Buchkapitel
Sprache:Tschechisch
Schlagworte:
Tags: Tag hinzufügen
Keine Tags, Fügen Sie das erste Tag hinzu!

MARC

LEADER 00000naa a2200000 4500
001 0190049
005 20231208073612.1
041 0 |a cze 
044 |a SK 
245 1 0 |a Potenciální distribuční efekty reformy Společné zemědělské politiky a vyvolaná strukturální změna  |c Zuzana Křístková, Tomáš Ratinger 
520 |a Analýza dôsledkov efektívneho zastropovania priamych platieb, a to z pohľadu ich spravodlivého rozdelenia a vyvolané štrukturálne zmeny. Aplikácia modelu všeobecnej rovnováhy, ktorý umožňuje posúdiť dopady v kontexte celej ekonomiky. 
610 2 0 |a politika poľnohospodárska 
610 2 0 |a zmeny štruktúrne 
610 2 0 |a komodity 
610 2 0 |a platby priame 
610 2 0 |a rovnováha hospodárska 
100 1 |a Křístková, Zuzana 
700 1 |a Ratinger, Tomáš